| 000 | 01495nam a2200361 i 4500 | ||
|---|---|---|---|
| 003 | EG-GICUC | ||
| 005 | 20260506101142.0 | ||
| 008 | 260506s 1932fr ||||f m||| 00| 0 fre d | ||
| 040 |
_aEG-GICUC _cEG-GICUC _dEG-GICUC _erda _bfre |
||
| 041 | 0 | _afre | |
| 049 | _aDévouement | ||
| 082 | 0 | 4 |
_a341 _221 |
| 097 | _aDoctorat | ||
| 099 | _aLaw 11 PHD 1930 | ||
| 100 | 0 |
_aMatine-Daftary , Ahmad Khan _eAuteur |
|
| 245 | 1 | 0 |
_aLa suppression des capitulations en Perse : _bL'ancien régime et le statut actuel des étrangers dans L'Empire du Lion et Soleil / _cpar: Ahmad Khan Matine-Daftary , préface : Husein Khan Alâ. |
| 264 | 0 |
_aParis : _bLes presses universitaires de france, _c1930. |
|
| 300 |
_a265 pages; _c25 cm. |
||
| 336 |
_atexte _2rda contenu |
||
| 337 |
_aOrdinateur _2rda medias |
||
| 338 |
_aRessource en ligne _2transporteur rda |
||
| 500 | _aFR | ||
| 502 | _aThèse de (doctorat) - Université de (Paris) - Faculté de (droit) , Département des finances publiques et de la législation fiscale, 1902 | ||
| 504 | _aComprend des références bibliographiques. | ||
| 650 | 0 | 4 |
_aDroit international public _2qrmak |
| 653 | 0 | _a. | |
| 655 | 4 |
_aThèse universitaire _zUniversitaires de france _xDroit international public |
|
| 700 | 0 |
_aAlâ , Husein Khan. _ePréfacier |
|
| 856 | _uhttps://fll.law.cu.edu.eg/fulltext/th/T11-01967.pdf | ||
| 900 |
_b1930 _UUniversitaires de france _FFaculté de droit _DDroit international public |
||
| 905 | _a58 | ||
| 942 |
_2ddc _cTH _e21 _n0 |
||
| 999 | _c75975 | ||